[Event "Cambridge International Open 2024"]
[Site "Cambridge, United Kingdom"]
[Date "2024.02.18"]
[Round "1.15"]
[White "Southcott-Moyers, Indy"]
[Black "Hebden, Mark L"]
[Result "1/2-1/2"]
[TimeControl "G: 90min + 30 seconds added per move"]
[WhiteFideId "488542"]
[BlackFideId "400084"]
[WhiteElo "2100"]
[BlackElo "2416"]

1. d4 {[%clk 01:30:57]} {[%emt 00:00:01]} Nf6 {[%clk 01:24:30]} {[%emt
00:06:29]} 2. c4 {[%clk 01:31:21]} {[%emt 00:00:07]} g6 {[%clk 01:24:54]}
{[%emt 00:00:07]} 3. Nc3 {[%clk 01:31:45]} {[%emt 00:00:06]} Bg7 {[%clk
01:25:19]} {[%emt 00:00:05]} 4. e4 {[%clk 01:31:29]} {[%emt 00:00:45]} d6
{[%clk 01:25:44]} {[%emt 00:00:06]} 5. Be2 {[%clk 01:31:54]} {[%emt 00:00:04]}
O-O {[%clk 01:26:04]} {[%emt 00:00:10]} 6. Be3 {[%clk 01:30:18]} {[%emt
00:02:06]} e5 {[%clk 01:25:23]} {[%emt 00:01:11]} 7. d5 {[%clk 01:28:47]}
{[%emt 00:02:01]} Na6 {[%clk 01:23:06]} {[%emt 00:02:48]} 8. g4 {[%clk
01:26:15]} {[%emt 00:03:02]} Nc5 {[%clk 01:22:58]} {[%emt 00:00:38]} 9. f3
{[%clk 01:26:38]} {[%emt 00:00:06]} h5 {[%clk 01:21:12]} {[%emt 00:02:16]} 10.
g5 {[%clk 01:09:50]} {[%emt 00:17:18]} Nh7 {[%clk 01:21:33]} {[%emt 00:00:09]}
11. h4 {[%clk 01:09:49]} {[%emt 00:00:32]} f6 {[%clk 01:21:47]} {[%emt
00:00:16]} 12. Qd2 {[%clk 01:09:31]} {[%emt 00:00:48]} fxg5 {[%clk 01:21:33]}
{[%emt 00:00:42]} 13. hxg5 {[%clk 01:09:50]} {[%emt 00:00:11]} a5 {[%clk
01:14:49]} {[%emt 00:07:16]} 14. Nh3 {[%clk 01:05:54]} {[%emt 00:04:26]} Bd7
{[%clk 01:11:21]} {[%emt 00:03:58]} 15. Nf2 {[%clk 01:02:58]} {[%emt 00:03:25]}
Qe7 {[%clk 01:10:40]} {[%emt 00:01:11]} 16. Rg1 {[%clk 00:59:43]} {[%emt
00:03:45]} b6 {[%clk 01:10:46]} {[%emt 00:00:25]} 17. O-O-O {[%clk 00:49:10]}
{[%emt 00:11:03]} a4 {[%clk 01:09:21]} {[%emt 00:01:56]} 18. Kc2 {[%clk
00:41:49]} {[%emt 00:07:50]} a3 {[%clk 01:05:55]} {[%emt 00:03:56]} 19. b3
{[%clk 00:41:37]} {[%emt 00:00:41]} Rf4 {[%clk 01:05:42]} {[%emt 00:00:43]} 20.
Bxf4 {[%clk 00:32:16]} {[%emt 00:09:52]} exf4 {[%clk 01:05:54]} {[%emt
00:00:17]} 21. Qxf4 {[%clk 00:28:34]} {[%emt 00:04:12]} Rf8 {[%clk 01:05:46]}
{[%emt 00:00:39]} 22. Qd2 {[%clk 00:28:09]} {[%emt 00:00:55]} Qe5 {[%clk
01:05:41]} {[%emt 00:00:35]} 23. Rg2 {[%clk 00:23:31]} {[%emt 00:05:09]} Rf7
{[%clk 01:01:06]} {[%emt 00:05:04]} 24. Rdg1 {[%clk 00:20:28]} {[%emt
00:03:32]} Na6 {[%clk 00:56:32]} {[%emt 00:05:05]} 25. Nd3 {[%clk 00:20:16]}
{[%emt 00:00:42]} Qd4 {[%clk 00:51:21]} {[%emt 00:05:40]} 26. Nb1 {[%clk
00:17:52]} {[%emt 00:02:55]} Nc5 {[%clk 00:47:05]} {[%emt 00:04:46]} 27. Qc3
{[%clk 00:10:53]} {[%emt 00:07:29]} Nxd3 {[%clk 00:46:37]} {[%emt 00:00:58]} 28.
Qxd4 {[%clk 00:09:31]} {[%emt 00:01:53]} Nb4+ {[%clk 00:46:01]} {[%emt
00:01:05]} 29. Kc3 {[%clk 00:09:54]} {[%emt 00:00:06]} Nxa2+ {[%clk 00:46:17]}
{[%emt 00:00:15]} 30. Kd3 {[%clk 00:10:20]} {[%emt 00:00:04]} Nb4+ {[%clk
00:46:28]} {[%emt 00:00:19]} 31. Kc3 {[%clk 00:10:43]} {[%emt 00:00:07]} Bxd4+
{[%clk 00:46:20]} {[%emt 00:00:37]} 32. Kxd4 {[%clk 00:11:05]} {[%emt
00:00:08]} a2 {[%clk 00:46:37]} {[%emt 00:00:14]} 33. Nd2 {[%clk 00:10:08]}
{[%emt 00:01:27]} a1=Q+ {[%clk 00:45:07]} {[%emt 00:02:00]} 34. Rxa1 {[%clk
00:10:29]} {[%emt 00:00:09]} Nc2+ {[%clk 00:45:33]} {[%emt 00:00:04]} 35. Kd3
{[%clk 00:08:31]} {[%emt 00:02:28]} Nxa1 {[%clk 00:45:47]} {[%emt 00:00:15]} 36.
Rg1 {[%clk 00:08:58]} {[%emt 00:00:03]} Kg7 {[%clk 00:45:15]} {[%emt 00:01:03]}
37. Rxa1 {[%clk 00:08:54]} {[%emt 00:00:34]} Nxg5 {[%clk 00:45:37]} {[%emt
00:00:08]} 38. Ke3 {[%clk 00:08:39]} {[%emt 00:00:45]} Nh3 {[%clk 00:45:13]}
{[%emt 00:00:53]} 39. Ra7 {[%clk 00:08:09]} {[%emt 00:01:01]} Nf4 {[%clk
00:43:13]} {[%emt 00:02:29]} 40. Rxc7 {[%clk 00:08:06]} {[%emt 00:00:34]} Nxe2
{[%clk 00:43:14]} {[%emt 00:00:29]} 41. Kxe2 {[%clk 00:08:28]} {[%emt
00:00:08]} g5 {[%clk 00:43:22]} {[%emt 00:00:21]} 42. e5 {[%clk 00:06:33]}
{[%emt 00:02:26]} dxe5 {[%clk 00:41:26]} {[%emt 00:02:26]} 43. Ne4 {[%clk
00:06:29]} {[%emt 00:00:33]} Kg6 {[%clk 00:33:25]} {[%emt 00:08:32]} 44. Rb7
{[%clk 00:06:25]} {[%emt 00:00:35]} g4 {[%clk 00:33:42]} {[%emt 00:00:12]} 45.
Rxb6+ {[%clk 00:06:34]} {[%emt 00:00:22]} Kg7 {[%clk 00:34:02]} {[%emt
00:00:09]} 46. fxg4 {[%clk 00:04:24]} {[%emt 00:02:41]} Bxg4+ {[%clk 00:34:17]}
{[%emt 00:00:15]} 47. Ke1 {[%clk 00:04:43]} {[%emt 00:00:10]} h4 {[%clk
00:33:32]} {[%emt 00:01:15]} 48. Nf2 {[%clk 00:03:43]} {[%emt 00:01:30]} Bf5
{[%clk 00:31:49]} {[%emt 00:02:13]} 49. c5 {[%clk 00:03:30]} {[%emt 00:00:43]}
h3 {[%clk 00:32:03]} {[%emt 00:00:16]} 50. c6 {[%clk 00:03:25]} {[%emt
00:00:36]} h2 {[%clk 00:31:56]} {[%emt 00:00:36]} 51. Rb7 {[%clk 00:03:17]}
{[%emt 00:00:38]} Bc8 {[%clk 00:29:11]} {[%emt 00:03:15]} 52. Rxf7+ {[%clk
00:03:36]} {[%emt 00:00:11]} Kxf7 {[%clk 00:29:40]} {[%emt 00:00:02]} 53. d6
{[%clk 00:03:59]} {[%emt 00:00:06]} Ba6 {[%clk 00:29:59]} {[%emt 00:00:11]} 54.
Nh1 {[%clk 00:02:11]} {[%emt 00:02:18]} Ke6 {[%clk 00:29:52]} {[%emt 00:00:37]}
55. d7 {[%clk 00:02:33]} {[%emt 00:00:08]} Ke7 {[%clk 00:30:15]} {[%emt
00:00:06]} 56. Kf2 {[%clk 00:02:47]} {[%emt 00:00:16]} Bb5 {[%clk 00:30:38]}
{[%emt 00:00:07]} 57. Kg3 {[%clk 00:02:44]} {[%emt 00:00:34]} Bxc6 {[%clk
00:31:01]} {[%emt 00:00:06]} 58. Kxh2 {[%clk 00:02:49]} {[%emt 00:00:26]} Kxd7
{[%clk 00:31:18]} {[%emt 00:00:13]} 59. Ng3 {[%clk 00:03:11]} {[%emt 00:00:09]}
Kd6 {[%clk 00:31:36]} {[%emt 00:00:11]} 60. Kg1 {[%clk 00:03:33]} {[%emt
00:00:07]} Kc5 {[%clk 00:32:00]} {[%emt 00:00:06]} 61. Kf2 {[%clk 00:03:55]}
{[%emt 00:00:09]} Bd5 {[%clk 00:32:02]} {[%emt 00:00:28]} 62. Ke3 {[%clk
00:03:55]} {[%emt 00:00:30]} Bxb3 {[%clk 00:32:21]} {[%emt 00:00:11]} 63. Ne4+
{[%clk 00:04:19]} {[%emt 00:00:06]} Kd5 {[%clk 00:32:21]} {[%emt 00:00:30]} 64.
Nf6+ {[%clk 00:04:44]} {[%emt 00:00:05]} Ke6 {[%clk 00:32:41]} {[%emt
00:00:09]} 65. Ng4 {[%clk 00:05:11]} {[%emt 00:00:04]} Bd1 {[%clk 00:33:05]}
{[%emt 00:00:06]} 66. Nxe5 {[%clk 00:05:37]} {[%emt 00:00:04]} Kxe5 {[%clk
00:33:30]} {[%emt 00:00:04]} 67. Ke4+ {[%clk 00:05:01]} {[%emt 00:00:28]}
1/2-1/2

[Event "2nd Cambridge International Open"]
[Site "University Arms Hotel, Cambrid"]
[Date "2024.02.19"]
[Round "1.49"]
[White "Dierssen Garcã­a-Barredo, Guillermo"]
[Black "Wynarczyk, Raymond"]
[Result "1/2-1/2"]
[WhiteElo "1937"]
[BlackElo "1712"]
[PlyCount "132"]
[EventDate "2024.02.19"]

1. e4 d6 2. d4 Nf6 3. Nc3 Nbd7 4. f4 e5 5. Nf3 exd4 6. Qxd4 c6 7. Bc4 Be7 8. e5
dxe5 9. fxe5 Bc5 10. Qh4 Qe7 11. Bf4 Nb6 12. Bb3 Nfd5 13. Bg5 f6 14. Bd2 Bf5
15. O-O-O fxe5 16. Nxd5 Nxd5 17. Bxd5 cxd5 18. Qxe7+ Bxe7 19. Nxe5 Bf6 20. Nf3
Rc8 21. Rhe1+ Kf7 22. c3 Rhe8 23. Be3 Bg4 24. Rxd5 a6 25. Nd4 Re4 26. h3 Bxd4
27. Rxd4 Rxd4 28. Bxd4 Be6 29. b3 Bd5 30. Kd2 Re8 31. Rxe8 Kxe8 32. g3 g6 33.
Ke3 h5 34. Kf4 Bg2 35. Ke5 Bxh3 36. Kd6 Kd8 37. c4 Bf1 38. a4 Be2 39. a5 Bd1
40. b4 Be2 41. Kc5 Kc8 42. Be5 g5 43. Bf6 h4 44. gxh4 gxh4 45. Bxh4 Kb8 46. Bg5
Ka8 47. b5 axb5 48. cxb5 Bd3 49. Kb6 Be2 50. Bf4 Bd3 51. Kc5 Be2 52. Be3 Bf1
53. b6 Be2 54. Bf4 Bd3 55. Bc7 Be2 56. Kd6 Bd3 57. Ke7 Bc4 58. Kd8 Bd3 59. Be5
Bc4 60. Kc8 Be6+ 61. Kc7 Bc4 62. Bf4 Bd3 63. Kc8 Bf5+ 64. Kd8 Bd3 65. Kc7 Bc4
66. a6 Bxa6 1/2-1/2

[Event "Cambridge International Open 2024"]
[Site "Cambridge, United Kingdom"]
[Date "2024.02.19"]
[Round "2.9"]
[White "Shafi, Declan"]
[Black "Hanley, Craig A"]
[Result "0-1"]
[TimeControl "G: 90min + 30 seconds added per move"]
[WhiteFideId "2405156"]
[BlackFideId "408514"]
[WhiteElo "2231"]
[BlackElo "2431"]

1. d4 {[%clk 01:30:57]} g6 {[%clk 01:30:40]} {[%emt 00:00:20]} 2. Nf3 {[%clk
01:30:30]} {[%emt 00:00:57]} Bg7 {[%clk 01:30:25]} {[%emt 00:00:45]} 3. g3
{[%clk 01:30:50]} {[%emt 00:00:10]} b5 {[%clk 01:28:04]} {[%emt 00:02:51]} 4.
Bg2 {[%clk 01:29:39]} {[%emt 00:01:42]} Bb7 {[%clk 01:28:26]} {[%emt 00:00:07]}
5. O-O {[%clk 01:29:31]} {[%emt 00:00:38]} Nf6 {[%clk 01:28:00]} {[%emt
00:00:56]} 6. Qd3 {[%clk 01:28:01]} {[%emt 00:02:01]} a6 {[%clk 01:26:48]}
{[%emt 00:01:41]} 7. Nbd2 {[%clk 01:27:06]} {[%emt 00:01:25]} O-O {[%clk
01:25:47]} {[%emt 00:01:31]} 8. e4 {[%clk 01:22:39]} {[%emt 00:04:58]} d6
{[%clk 01:25:48]} {[%emt 00:00:28]} 9. Re1 {[%clk 01:21:28]} {[%emt 00:01:41]}
c5 {[%clk 01:22:24]} {[%emt 00:03:54]} 10. c4 {[%clk 01:19:43]} {[%emt
00:02:15]} Nc6 {[%clk 01:12:11]} {[%emt 00:10:44]} 11. d5 {[%clk 01:16:32]}
{[%emt 00:03:41]} bxc4 {[%clk 01:02:09]} {[%emt 00:10:32]} 12. Nxc4 {[%clk
01:16:13]} {[%emt 00:00:48]} Na5 {[%clk 00:54:34]} {[%emt 00:08:04]} 13. Bd2
{[%clk 01:14:06]} {[%emt 00:02:38]} Nxc4 {[%clk 00:54:18]} {[%emt 00:00:47]} 14.
Qxc4 {[%clk 01:14:28]} {[%emt 00:00:07]} Qb6 {[%clk 00:47:19]} {[%emt
00:07:29]} 15. Bc3 {[%clk 01:12:52]} {[%emt 00:02:06]} a5 {[%clk 00:46:55]}
{[%emt 00:00:54]} 16. Qb3 {[%clk 01:09:09]} {[%emt 00:04:14]} Qc7 {[%clk
00:46:05]} {[%emt 00:01:19]} 17. Nd2 {[%clk 01:07:05]} {[%emt 00:02:34]} Rfb8
{[%clk 00:43:25]} {[%emt 00:03:11]} 18. Qc2 {[%clk 01:06:02]} {[%emt 00:01:32]}
Nd7 {[%clk 00:42:23]} {[%emt 00:01:32]} 19. Nc4 {[%clk 01:05:04]} {[%emt
00:01:28]} a4 {[%clk 00:39:37]} {[%emt 00:03:16]} 20. Rab1 {[%clk 01:01:45]}
{[%emt 00:03:49]} Ba6 {[%clk 00:36:28]} {[%emt 00:03:39]} 21. Bxg7 {[%clk
00:52:56]} {[%emt 00:09:19]} Kxg7 {[%clk 00:33:10]} {[%emt 00:03:49]} 22. Qxa4
{[%clk 00:51:59]} {[%emt 00:01:27]} Rb4 {[%clk 00:28:50]} {[%emt 00:04:49]} 23.
Qc6 {[%clk 00:40:48]} {[%emt 00:11:41]} Qd8 {[%clk 00:27:12]} {[%emt 00:02:08]}
24. Nxd6 {[%clk 00:33:14]} {[%emt 00:08:05]} Rb6 {[%clk 00:27:06]} {[%emt
00:00:35]} 25. Nxf7 {[%clk 00:32:57]} {[%emt 00:00:47]} Kxf7 {[%clk 00:26:30]}
{[%emt 00:01:06]} 26. e5 {[%clk 00:30:29]} {[%emt 00:02:58]} Rxc6 {[%clk
00:26:14]} {[%emt 00:00:46]} 27. e6+ {[%clk 00:30:51]} {[%emt 00:00:09]} Kg7
{[%clk 00:23:06]} {[%emt 00:03:37]} 28. dxc6 {[%clk 00:30:08]} {[%emt
00:01:14]} Nf6 {[%clk 00:19:41]} {[%emt 00:03:54]} 29. c7 {[%clk 00:23:26]}
{[%emt 00:07:12]} Qc8 {[%clk 00:20:00]} {[%emt 00:00:10]} 30. Bxa8 {[%clk
00:21:54]} {[%emt 00:02:03]} Qxa8 {[%clk 00:20:24]} {[%emt 00:00:06]} 31. Rbc1
{[%clk 00:21:35]} {[%emt 00:00:49]} Qc6 {[%clk 00:20:01]} {[%emt 00:00:53]} 32.
b4 {[%clk 00:20:23]} {[%emt 00:01:43]} Bb7 {[%clk 00:18:58]} {[%emt 00:01:32]}
33. Kf1 {[%clk 00:19:25]} {[%emt 00:01:28]} Qg2+ {[%clk 00:17:00]} {[%emt
00:02:28]} 34. Ke2 {[%clk 00:19:49]} {[%emt 00:00:07]} Ba6+ {[%clk 00:17:00]}
{[%emt 00:00:29]} 35. Kd1 {[%clk 00:19:45]} {[%emt 00:00:34]} Qd5+ {[%clk
00:17:25]} {[%emt 00:00:05]} 36. Kc2 {[%clk 00:19:39]} {[%emt 00:00:36]} Qxa2+
{[%clk 00:17:49]} {[%emt 00:00:06]} 37. Kc3 {[%clk 00:20:01]} {[%emt 00:00:09]}
Nd5# {[%emt 00:00:09]} 38. Kd4 {[%clk 00:20:01]} 0-1

[Event "Cambridge International Open 2024"]
[Site "Cambridge, United Kingdom"]
[Date "2024.02.19"]
[Round "2.29"]
[White "Zhang, Junyi"]
[Black "Pert, Max P"]
[Result "1/2-1/2"]
[TimeControl "G: 90min + 30 seconds added per move"]
[WhiteFideId "494437"]
[BlackFideId "456845"]
[WhiteElo "1763"]
[BlackElo "2082"]

1. e4 {[%clk 01:30:37]} {[%emt 00:00:23]} c6 {[%clk 01:30:40]} {[%emt
00:00:21]} 2. d4 {[%clk 01:30:40]} {[%emt 00:00:27]} d5 {[%clk 01:30:55]}
{[%emt 00:00:14]} 3. exd5 {[%clk 01:30:47]} {[%emt 00:00:23]} cxd5 {[%clk
01:31:15]} {[%emt 00:00:10]} 4. Bd3 {[%clk 01:31:02]} {[%emt 00:00:13]} Nc6
{[%clk 01:30:55]} {[%emt 00:00:52]} 5. c3 {[%clk 01:29:34]} {[%emt 00:01:56]}
Qc7 {[%clk 01:30:30]} {[%emt 00:00:57]} 6. h3 {[%clk 01:29:46]} {[%emt
00:00:18]} e5 {[%clk 01:29:37]} {[%emt 00:01:23]} 7. dxe5 {[%clk 01:27:49]}
{[%emt 00:02:28]} Nxe5 {[%clk 01:29:47]} {[%emt 00:00:20]} 8. Nf3 {[%clk
01:28:05]} {[%emt 00:00:14]} Nxd3+ {[%clk 01:28:05]} {[%emt 00:02:12]} 9. Qxd3
{[%clk 01:28:27]} {[%emt 00:00:07]} Nf6 {[%clk 01:26:48]} {[%emt 00:01:47]} 10.
O-O {[%clk 01:27:18]} {[%emt 00:01:38]} Be7 {[%clk 01:24:07]} {[%emt 00:03:12]}
11. Bg5 {[%clk 01:25:16]} {[%emt 00:02:33]} O-O {[%clk 01:18:36]} {[%emt
00:06:00]} 12. Nbd2 {[%clk 01:21:07]} {[%emt 00:04:30]} Be6 {[%clk 01:16:51]}
{[%emt 00:02:24]} 13. Rfe1 {[%clk 01:18:59]} {[%emt 00:02:38]} h6 {[%clk
01:09:16]} {[%emt 00:08:06]} 14. Bh4 {[%clk 01:17:32]} {[%emt 00:01:56]} Rae8
{[%clk 01:04:27]} {[%emt 00:05:18]} 15. Nd4 {[%clk 01:16:47]} {[%emt 00:01:16]}
Bd8 {[%clk 01:02:36]} {[%emt 00:02:21]} 16. a4 {[%clk 01:11:00]} {[%emt
00:06:18]} Nh5 {[%clk 00:58:40]} {[%emt 00:04:25]} 17. Bxd8 {[%emt 00:06:26]}
Qxd8 {[%clk 00:58:24]} {[%emt 00:00:44]} 18. Re5 {[%clk 01:03:07]} {[%emt
00:02:29]} Nf4 {[%clk 00:54:37]} {[%emt 00:04:18]} 19. Qg3 {[%clk 00:59:28]}
{[%emt 00:04:09]} Qf6 {[%clk 00:51:47]} {[%emt 00:03:19]} 20. Rae1 {[%clk
00:53:08]} {[%emt 00:06:50]} Bd7 {[%clk 00:49:30]} {[%emt 00:02:47]} 21. Rxe8
{[%clk 00:40:01]} {[%emt 00:13:37]} Rxe8 {[%clk 00:49:52]} {[%emt 00:00:08]} 22.
Rxe8+ {[%clk 00:40:26]} {[%emt 00:00:06]} Bxe8 {[%clk 00:50:14]} {[%emt
00:00:08]} 23. b3 {[%emt 00:00:37]} Qxd4 {[%clk 00:48:07]} {[%emt 00:02:35]} 24.
cxd4 {[%clk 00:40:44]} {[%emt 00:00:06]} Ne2+ {[%clk 00:48:32]} {[%emt
00:00:05]} 25. Kh2 {[%clk 00:41:04]} {[%emt 00:00:09]} Nxg3 {[%clk 00:48:56]}
{[%emt 00:00:07]} 26. Kxg3 {[%clk 00:41:25]} {[%emt 00:00:09]} f6 {[%clk
00:48:53]} {[%emt 00:00:34]} 27. Nb1 {[%clk 00:41:34]} {[%emt 00:00:22]} Kf7
{[%clk 00:48:42]} {[%emt 00:00:40]} 28. Nc3 {[%clk 00:41:43]} {[%emt 00:00:20]}
Ke6 {[%clk 00:48:48]} {[%emt 00:00:23]} 29. Kf3 {[%clk 00:41:10]} {[%emt
00:01:04]} a5 {[%clk 00:47:49]} {[%emt 00:01:29]} 30. Ke3 {[%clk 00:40:55]}
{[%emt 00:00:45]} Ke5 {[%clk 00:46:17]} 1/2-1/2

[Event "Cambridge International Open 2024"]
[Site "Cambridge, United Kingdom"]
[Date "2024.02.19"]
[Round "2.47"]
[White "Gardner, Phillip K"]
[Black "Myall, Ivan J"]
[Result "0-1"]
[TimeControl "G: 90min + 30 seconds added per move"]
[WhiteFideId "413690"]
[BlackFideId "425168"]
[WhiteElo "1769"]
[BlackElo "1951"]

1. e4 {[%clk 01:30:57]} {[%emt 00:00:03]} e5 {[%clk 01:30:47]} {[%emt
00:00:14]} 2. Nf3 {[%clk 01:31:21]} {[%emt 00:00:06]} Nc6 {[%clk 01:31:09]}
{[%emt 00:00:08]} 3. Bc4 {[%clk 01:31:46]} {[%emt 00:00:05]} Bc5 {[%clk
01:31:14]} {[%emt 00:00:24]} 4. c3 {[%clk 01:32:12]} {[%emt 00:00:04]} Nf6
{[%clk 01:31:30]} {[%emt 00:00:14]} 5. d4 {[%clk 01:32:39]} {[%emt 00:00:03]}
exd4 {[%clk 01:31:54]} {[%emt 00:00:07]} 6. cxd4 {[%clk 01:33:03]} {[%emt
00:00:05]} Bb4+ {[%clk 01:32:09]} {[%emt 00:00:15]} 7. Bd2 {[%clk 01:33:28]}
{[%emt 00:00:05]} Bxd2+ {[%clk 01:32:24]} {[%emt 00:00:15]} 8. Nbxd2 {[%clk
01:33:55]} {[%emt 00:00:04]} d5 {[%clk 01:32:44]} {[%emt 00:00:10]} 9. exd5
{[%clk 01:34:20]} {[%emt 00:00:04]} Nxd5 {[%clk 01:33:08]} {[%emt 00:00:06]} 10.
Qb3 {[%clk 01:34:43]} {[%emt 00:00:07]} Nce7 {[%clk 01:33:32]} {[%emt
00:00:06]} 11. O-O {[%clk 01:34:59]} {[%emt 00:00:14]} O-O {[%clk 01:33:55]}
{[%emt 00:00:07]} 12. Rfe1 {[%clk 01:35:08]} {[%emt 00:00:21]} h6 {[%clk
01:33:22]} {[%emt 00:01:03]} 13. Ne4 {[%clk 01:29:45]} {[%emt 00:05:53]} c6
{[%clk 01:27:58]} {[%emt 00:05:55]} 14. Nc5 {[%clk 01:22:46]} {[%emt 00:07:28]}
b6 {[%clk 01:20:53]} {[%emt 00:07:36]} 15. Nd3 {[%clk 01:22:41]} {[%emt
00:00:34]} Qd6 {[%clk 01:11:44]} {[%emt 00:09:39]} 16. a4 {[%clk 01:20:08]}
{[%emt 00:03:03]} Be6 {[%clk 01:05:05]} {[%emt 00:07:09]} 17. Rad1 {[%clk
01:19:01]} {[%emt 00:01:37]} Rab8 {[%clk 01:01:57]} {[%emt 00:03:39]} 18. Qa2
{[%clk 01:12:28]} {[%emt 00:07:03]} a5 {[%clk 00:48:32]} {[%emt 00:13:56]} 19.
Nfe5 {[%clk 01:04:46]} {[%emt 00:08:11]} Nf5 {[%clk 00:45:11]} {[%emt
00:03:50]} 20. Nf3 {[%clk 01:04:06]} {[%emt 00:01:10]} Rfd8 {[%clk 00:34:42]}
{[%emt 00:10:59]} 21. h3 {[%clk 01:00:55]} {[%emt 00:03:41]} Qc7 {[%clk
00:32:00]} {[%emt 00:03:11]} 22. Rc1 {[%clk 00:57:44]} {[%emt 00:03:41]} Qd6
{[%clk 00:30:50]} {[%emt 00:01:41]} 23. Rcd1 {[%clk 00:56:43]} {[%emt
00:01:31]} Rdc8 {[%clk 00:29:22]} {[%emt 00:01:59]} 24. Bb3 {[%clk 00:55:09]}
{[%emt 00:02:00]} Nfe7 {[%clk 00:23:17]} {[%emt 00:06:38]} 25. Nfe5 {[%clk
00:53:13]} {[%emt 00:02:26]} g5 {[%clk 00:22:48]} {[%emt 00:00:59]} 26. g4
{[%clk 00:45:33]} {[%emt 00:08:11]} Kg7 {[%clk 00:22:14]} {[%emt 00:01:04]} 27.
Rd2 {[%clk 00:41:57]} {[%emt 00:04:06]} Rh8 {[%clk 00:21:58]} {[%emt 00:00:45]}
28. f3 {[%clk 00:29:34]} {[%emt 00:12:53]} h5 {[%clk 00:19:57]} {[%emt
00:02:32]} 29. Kg2 {[%clk 00:24:07]} {[%emt 00:05:56]} hxg4 {[%clk 00:19:32]}
{[%emt 00:00:55]} 30. fxg4 {[%clk 00:21:39]} {[%emt 00:02:59]} Rh6 {[%clk
00:17:10]} {[%emt 00:02:52]} 31. Rf2 {[%clk 00:20:40]} {[%emt 00:01:28]} Rbh8
{[%clk 00:15:29]} {[%emt 00:02:11]} 32. Rf3 {[%clk 00:20:36]} {[%emt 00:00:35]}
Ng8 {[%clk 00:06:59]} {[%emt 00:08:59]} 33. Ref1 {[%clk 00:13:31]} {[%emt
00:07:35]} Ngf6 {[%clk 00:07:04]} {[%emt 00:00:25]} 34. Qa3 {[%clk 00:07:55]}
{[%emt 00:06:07]} Qc7 {[%clk 00:05:22]} {[%emt 00:02:12]} 35. Re1 {[%clk
00:07:20]} {[%emt 00:01:03]} Rh4 {[%clk 00:03:20]} {[%emt 00:02:33]} 36. Rg3
{[%clk 00:06:29]} {[%emt 00:01:21]} Nd7 {[%clk 00:02:58]} {[%emt 00:00:52]} 37.
Bd1 {[%clk 00:06:28]} {[%emt 00:00:31]} Nxe5 {[%clk 00:02:59]} {[%emt
00:00:29]} 38. Rxe5 {[%clk 00:06:37]} {[%emt 00:00:21]} Qd8 {[%clk 00:02:53]}
{[%emt 00:00:37]} 39. Qa1 {[%clk 00:05:00]} {[%emt 00:02:06]} Nf4+ {[%clk
00:02:29]} {[%emt 00:00:54]} 40. Nxf4 {[%clk 00:04:20]} {[%emt 00:01:10]} gxf4
{[%clk 00:02:58]} {[%emt 00:00:02]} 41. Rd3 {[%clk 00:04:09]} {[%emt 00:00:40]}
Bd5+ {[%clk 00:03:26]} {[%emt 00:00:02]} 42. Kh2 {[%clk 00:03:42]} {[%emt
00:00:57]} f3 {[%clk 00:03:44]} {[%emt 00:00:13]} 43. Qa3 {[%clk 00:00:39]}
{[%emt 00:03:33]} Rxh3+ {[%clk 00:04:05]} {[%emt 00:00:08]} 44. Kg1 {[%clk
00:01:02]} {[%emt 00:00:07]} Rh1+ {[%clk 00:03:44]} {[%emt 00:00:51]} 45. Kf2
{[%clk 00:01:28]} {[%emt 00:00:03]} Qh4+ {[%clk 00:03:40]} {[%emt 00:00:36]} 46.
Ke3 {[%clk 00:01:46]} {[%emt 00:00:11]} Re1+ {[%clk 00:03:00]} {[%emt
00:01:10]} 47. Kd2 {[%clk 00:02:03]} {[%emt 00:00:14]} Rxe5 {[%clk 00:03:00]}
{[%emt 00:00:30]} 48. dxe5 {[%clk 00:02:30]} {[%emt 00:00:03]} Qg5+ {[%clk
00:03:16]} {[%emt 00:00:14]} 49. Re3 {[%clk 00:02:32]} {[%emt 00:00:27]} Rh2+
{[%clk 00:03:02]} {[%emt 00:00:44]} 50. Kc3 {[%clk 00:02:34]} {[%emt 00:00:28]}
Qxe3# {[%clk 00:03:20]} {[%emt 00:00:12]} 51. Kd3 Qg5 {[%clk 00:03:20]} 0-1